Normal view
MARC view
- Apraxia - Popuular work
Entry Topical Term
001 - CONTROL NUMBER
- control field: 79
003 - CONTROL NUMBER IDENTIFIER
- control field: JO-AjAnu
005 - DATE AND TIME OF LATEST TRANSACTION
- control field: 20230606070319.0
008 - FIXED-LENGTH DATA ELEMENTS
- fixed length control field: 230606|| aca||aabn | a|a d
040 ## - CATALOGING SOURCE
- Original cataloging agency: JO-AjAnu
- Transcribing agency: JO-AjAnu
150 ## - HEADING--TOPICAL TERM
- Topical term or geographic name entry element: Apraxia - Popuular work
670 ## - SOURCE DATA FOUND
- Source citation: Work cat.: (JO-AjAnu)43: Brookes, Geoff, author 78, Dyspraxia